000 00663nam a2200265Ia 4500
005 20260306164452.0
008 008 260114s9999 xx 000 0 eng d
020 _a9780190633219
037 _aEBOOK
040 _aCRL
040 _beng
040 _cCRL
041 _2eng
041 _aeng
084 _qCRL
100 _aDena S. Davis
_91130801
245 4 _aThe Oxford Handbook Of Religious Perspectives On Reproductive Ethics
260 _bOxford University Press
260 _c2024
650 _aPhilosophy
856 _uhttps://academic.oup.com/edited-volume/58204
942 _cEBOOK
999 _c1714194
_d1714194